00259nam a2200109Ia 4500008004100000100001800041245004000059260001600099650001000115942000700125999001700132190216s9999||||xx |||||||||||||| ||und|| aRasia Thaslim 0aHindi-Shikari Shikar Jungle Ke Pyar bThahsin Pub aHindi cBK c15492d15492